000 00664nam a2200217Ia 4500
003 OSt
005 20220925204007.0
006 a|||||r|||| 00| 0
007 ta
008 220923b |||||||| |||| 00| 0 eng d
037 _cGeneral Book
040 _aRTL
_cRTL
_beng
041 _2eng
_aeng
082 _aX9(D65).1.N8, M3/SC
100 _aERNST Dieter
_9267522
245 0 _aGlobal race in microelectronics
_b Innovation and corporate strategies in a period of crisis
260 _aFrankfurt
_bCampus Rerlay
_c1983
300 _a290p.
_ccm.
942 _hX9(D65).1.N8, M3/SC
_cGB
_2CC
999 _c548306
_d548306